| 000 | 01321nam a2200301 a 4500 | ||
|---|---|---|---|
| 999 |
_c409480 _d409480 |
||
| 003 | BLK | ||
| 005 | 20250714084933.0 | ||
| 008 | 201218b bu ||||| |||| 00| 0 bu d | ||
| 020 | _a9789542620679 | ||
| 040 | _aBLK | ||
| 041 |
_aBUL _cBUL |
||
| 072 | 7 |
_2bullib _aН83 _xЧужда художествена литература Н |
|
| 080 |
_aПортугалска литература _b821.134.3 _x-31 _z821.134.3-31 |
||
| 100 | 1 |
_aСантуш, Жозе Родригеш душ _eпърви автор _9266382 |
|
| 139 |
_aСантуш, Жозе Родригеш душ _bС 18 |
||
| 245 | 1 | 0 |
_aЛюбовницата на губернатора _bРоман _cЖозе Родригеш душ Сантуш; прев. от португ. Весела Чергова. |
| 257 | _aPG | ||
| 260 |
_aСофия _bХермес _c2021 _fКостинброд : Мултипринт |
||
| 300 |
_a328 с. _c21 см |
||
| 380 | _aX | ||
| 500 | _aОриг. загл. A amante do governator. Vol. 2 / Jose Rodrigues dos Santos. | ||
| 500 | _aПродължение на Героичната арка. | ||
| 700 |
_aЧергова, Весела Петрова _eпрев. от португ. _91116 |
||
| 856 | 4 | _qpdf | |
| 856 | 4 | _qpdf | |
| 942 |
_cKNG _n0 _079 _s1 |
||
| 944 |
_k30570 _lМоника Янева |
||